000 00308nam a22001337a 4500
008 170925b xxu||||| |||| 00| 0 eng d
020 _a9780205287741
041 _aeng
080 _a37
100 _a46
101 _aEDU
245 _aTHE ADJUNCT PROFESSOR'S GUIDE TO SUCCESS
_cLYONS,R.E
942 _2udc
_cBK
999 _c29607
_d29607